Catálogo

Vista normal Vista MARC

Entrada Personal Name

Número de registros utilizados en: 1

001 - CONTROL NUMBER

  • control field: 17870

003 - CONTROL NUMBER IDENTIFIER

  • control field: DLC

005 - DATE AND TIME OF LATEST TRANSACTION

  • control field: 20260227133211.0

008 - FIXED-LENGTH DATA ELEMENTS

  • fixed length control field: 221007n| azannaabn |a aaa

010 ## - LIBRARY OF CONGRESS CONTROL NUMBER

  • LC control number: nb2022015296

035 ## - SYSTEM CONTROL NUMBER

  • System control number: (Uk)011427277

040 ## - CATALOGING SOURCE

  • Original cataloging agency: Uk
  • Language of cataloging: spa
  • Description conventions: rda
  • Transcribing agency: Mx-PuUPA
  • Modifying agency: Mx-PuUPA

046 ## - SPECIAL CODED DATES

  • Start period: 20

100 1# - HEADING--PERSONAL NAME

  • Personal name: Casanueva Rocha, Cristóbal,

373 ## - ASSOCIATED GROUP

  • Associated group: Universidad de Sevilla

374 ## - OCCUPATION

  • Occupation: Autor
  • Occupation: Catedrático de organización de empresas

375 ## - GENDER

  • Gender: hombre

377 ## - ASSOCIATED LANGUAGE

  • Language code: spa

400 1# - SEE FROM TRACING--PERSONAL NAME

  • Personal name: Rocha, Cristóbal Casanueva

670 ## - SOURCE DATA FOUND

  • Source citation: Empresa y organizaciones turisticas, 2016:
  • Information found: t.p. (Cristóbal Casanueva Rocha)